000 00296nam a2200145Ia 4500
100 _aKhanna/O.P
942 _cBK
366 _f10
654 _afoundry
245 _aFoundry Technology
260 _bDHANPAT RAI AND SONS
_aDelhi
_c2003
082 _a671.2
300 _a833
546 _aENGLISH
999 _c29559
_d29559